000 01062nam a2200349 a 4500
003 AR-BaBNM
005 20251128210352.0
008 082120s2002 ||||||||||||||000 | spa||
020 _a987-9336-27-5
040 _cAR-BaBNM
245 0 0 _aBelisario Roldán
_bel estilo de una voz
260 _aBuenos Aires
_bCírculo de Legisladores de la Nación Argentina
_c1999
300 _a95 p.
490 0 _aVidas, ideas y obras de los legisladores argentinos
_vv. 36
500 _aContiene textos parlamentarios de Belisario Roldán
504 _aBibliografía p. 24
600 1 4 _aRoldan, Belisario
600 0 4 _aLeón
650 4 _aHISTORIA ARGENTINA
650 4 _aBIOGRAFIAS
650 4 _aHISTORIA POLITICA ARGENTINA
650 4 _aLEGISLACION ARGENTINA
650 4 _aHISTORIA SOCIAL
650 4 _aSIGLO DIECINUEVE
650 4 _aSIGLO VEINTE
650 4 _aPARTIDOS POLITICOS ARGENTINOS
655 _aBIOGRAFIAS
700 1 _aGallone, Osvaldo
_eprologuista
800 1 _aMárquez, Alfonso Carlos
_edirector
942 _cBK
998 _cMariana
999 _c15177
_d15177